000
00306nam a22001337a 4500
008
170926b xxu||||| |||| 00| 0 eng d
020
_a
0840338228
041
_a
eng
080
_a
37
100
_a
46
101
_a
EDU
245
_a
SURVIVAL WRITING: STAYING ALIVE ON PAPER
_c
GLADIS,S.D
942
_2
udc
_c
BK
999
_c
29863
_d
29863